Statistics for All Songs from Astroworld album by Travis Scott

Click here to take the quiz!

General Stats

  • This quiz has been taken 111 times
  • The average score is 13 of 17

Answer Stats

Artists "featured"Song% Correct
Drake, Swae Lee, Big HawkSicko Mode
95%
NoneStargazing
92%
Frank OceanCarousel
90%
Juice WRLD, Sheck WesNo Bystanders
87%
The Weeknd, Pharrell Williams, Kanye WestSkeletons
85%
NoneAstrothunder
79%
21 SavageNC-17
79%
Gunna, NAVYosemite
77%
NoneCoffee Bean
75%
Kid Cudi, James Blake, Stevie Wonder, Philip BaileyStop Trying to be God
75%
NoneButterfly Effect
70%
NoneHoustonfornication
69%
Takeoff, QuavoWho? What!
66%
NoneR.I.P. Screw
64%
NoneCan't Say
62%
The WeekndWake Up
57%
None5% Tint
54%

Score Distribution

Percentile by Number Answered

Percent of People with Each Score

Your Score History

You have not taken this quiz